[Event "Gothenburg op"]
[Site "Gothenburg"]
[Date "2018.08.19"]
[Round "8"]
[White "Lundstrom, Mattias"]
[Black "Laith, Kasib"]
[Result "1-0"]
[WhiteElo "2163"]
[BlackElo "2084"]
[PlyCount "157"]
[EventDate "2018.08.17"]
[EventType "swiss"]
[EventRounds "8"]
[EventCountry "SWE"]
[SourceTitle "CBM 186 Extra"]
[Source "ChessBase"]
[SourceDate "2018.08.24"]
[SourceVersion "1"]
[SourceVersionDate "2018.08.24"]
[SourceQuality "1"]

1. e4 e6 2. d4 d5 3. Nd2 c5 4. exd5 exd5 5. Ngf3 a6 6. dxc5 Bxc5 7. h3 Nf6 8. Nb3 Bb6 9. Bd3 0-0 10. 0-0 Nc6 11. c3 Ne4 12. Bf4 Qf6 13. Bh2 Re8 14. Bc2 Bf5 15. Nbd4 Nxd4 16. Nxd4 Bd7 17. f3 Nd6 18. Kh1 Nc4 19. Rf2 Rac8 20. Bb3 Qh4 21. Re2 Rxe2 22. Nxe2 Ne3 23. Qe1 Nxg2 24. Qxh4 Nxh4 25. Bxd5 Re8 26. Ng1 Bc6 27. Bxc6 bxc6 28. Bg3 Nf5 29. Bf4 h6 30. Rd1 g5 31. Bc1 Nh4 32. f4 f6 33. fxg5 hxg5 34. b3 Kf7 35. c4 Kg6 36. Bb2 Bc7 37. Bc3 Re3 38. Be1 Re4 39. Bxh4 Rxh4 40. Kg2 Re4 41. Rd7 Bb6 42. Rd2 Bxg1 43. Kxg1 a5 44. Kf2 a4 45. Rd6 axb3 46. axb3 c5 47. Kf3 Rf4+ 48. Kg3 Kf5 49. Rd5+ Ke4 50. Rxc5 Rf3+ 51. Kg2 Rxb3 52. Rc8 f5 53. c5 Rb2+ 54. Kg1 Rc2 55. c6 Kf3 56. c7 Rc1+ 57. Kh2 Rc2+ 58. Kg1 Kg3 59. Kf1 f4 60. Rg8 Rxc7 61. Rxg5+ Kf3 62. Kg1 Rc1+ 63. Kh2 Rc2+ 64. Kg1 Rc1+ 65. Kh2 Kf2 66. Rg8 f3 67. Re8 Re1 68. Ra8 Re2 69. Ra1 Re1 70. Ra2+ Re2 71. Ra1 Re1 72. Ra2+ Kf1 73. Kg3 Re3 74. Rf2+ Kg1 75. Rxf3 Re2 76. h4 Rg2+ 77. Kh3 Rh2+ 78. Kg4 Kg2 79. Rf6 1-0

[Event "Gothenburg op"]
[Site "Gothenburg"]
[Date "2018.08.17"]
[Round "2"]
[White "Lundstrom, Mattias"]
[Black "Olsson, William"]
[Result "1-0"]
[WhiteElo "2163"]
[BlackElo "1931"]
[PlyCount "64"]
[EventDate "2018.08.17"]
[EventType "swiss"]
[EventRounds "8"]
[EventCountry "SWE"]
[SourceTitle "CBM 186 Extra"]
[Source "ChessBase"]
[SourceDate "2018.08.24"]
[SourceVersion "1"]
[SourceVersionDate "2018.08.24"]
[SourceQuality "1"]

1. e4 c5 2. Nc3 Nc6 3. f4 e6 4. Nf3 d5 5. exd5 exd5 6. d4 Nf6 7. Bb5 Bg4 8. 0-0 Be7 9. h3 Bxf3 10. Rxf3 0-0 11. dxc5 Bxc5+ 12. Kh1 d4 13. Rd3 Nb4 14. Ne2 Nxd3 15. Qxd3 a6 16. Ba4 b5 17. Bb3 Re8 18. Bd2 Ne4 19. Be1 Qf6 20. Bd5 Nd6 21. Bxa8 Rxa8 22. Bf2 Nf5 23. c3 Rd8 24. Rd1 Bb6 25. cxd4 h6 26. b3 g5 27. fxg5 hxg5 28. Qf3 Kg7 29. d5 Bxf2 30. Qxf2 Qe5 31. Qf3 Rd6 32. Qc3 Kf6 1-0

[Event "SWE-chT2 1314"]
[Site "Sweden"]
[Date "2014.01.17"]
[Round "6"]
[White "Lundstrom, Mattias"]
[Black "Nylen, Anders"]
[Result "0-1"]
[WhiteElo "2153"]
[BlackElo "2116"]
[PlyCount "90"]
[EventDate "2013.11.22"]
[EventType "team-tourn"]
[EventRounds "9"]
[EventCountry "SWE"]
[SourceTitle "EXT 2015"]
[Source "ChessBase"]
[SourceDate "2014.11.20"]
[SourceVersion "1"]
[SourceVersionDate "2014.11.20"]
[SourceQuality "1"]
[WhiteTeam "Manhem II"]
[BlackTeam "Limhamn II"]
[WhiteTeamCountry "SWE"]
[BlackTeamCountry "SWE"]

1. e4 c5 2. Nf3 d6 3. d4 cxd4 4. Nxd4 Nf6 5. Nc3 a6 6. Be3 e5 7. Nb3 Be6 8. Be2 Be7 9. a4 Qc7 10. a5 Nbd7 11. 0-0 0-0 12. Nd5 Nxd5 13. exd5 Bf5 14. c4 h6 15. Nd2 Bh7 16. b4 f5 17. f4 Bf6 18. Nb3 exf4 19. Bd4 g5 20. Bxf6 Rxf6 21. Nd4 Nf8 22. Rc1 Bg6 23. Kh1 Re8 24. Qd2 Rf7 25. c5 Rfe7 26. c6 Bf7 27. Bc4 Re5 28. cxb7 Qxb7 29. Nc6 Re3 30. b5 axb5 31. Rb1 Ra3 32. Bxb5 Ree3 33. a6 Qb6 34. a7 Rxa7 35. Nxa7 Qxa7 36. Bc6 Bh5 37. Rb7 Qa6 38. Rc1 Re5 39. Re1 Qa2 40. Qc3 f3 41. Rg1 Qf2 42. g3 Bg4 43. Qb2 Qc5 44. h4 f2 45. Rf1 Be2 0-1

[Event "SWE-chT2 0910"]
[Site "Sweden"]
[Date "2009.12.05"]
[Round "3"]
[White "Lundstrom, Mattias"]
[Black "Svensson, Leif"]
[Result "1/2-1/2"]
[WhiteElo "2148"]
[BlackElo "2162"]
[PlyCount "48"]
[EventDate "2009.10.24"]
[EventType "team"]
[EventRounds "9"]
[EventCountry "SWE"]
[SourceTitle "EXT 2011"]
[Source "ChessBase"]
[SourceDate "2010.11.26"]
[SourceVersion "1"]
[SourceVersionDate "2010.11.26"]
[SourceQuality "1"]
[WhiteTeam "Manhem II"]
[BlackTeam "Mark"]
[WhiteTeamCountry "SWE"]
[BlackTeamCountry "SWE"]

1. e4 e5 2. Nf3 Nc6 3. d4 exd4 4. Nxd4 Nf6 5. Nxc6 bxc6 6. e5 Qe7 7. Qe2 Nd5 8. c4 Nb6 9. g3 a5 10. b3 a4 11. Ba3 Qe6 12. Bxf8 Kxf8 13. b4 Nxc4 14. f4 Ba6 15. Nd2 Nxd2 16. Qxd2 Qd5 17. Qxd5 cxd5 18. Bxa6 Rxa6 19. Rc1 c6 20. Kd2 Ke7 21. a3 Rb8 22. Rc2 Rab6 23. Rhc1 Rb5 24. Kd3 Ke6 1/2-1/2

[Event "SWE-chT2 0708"]
[Site "Sweden"]
[Date "2008.02.23"]
[Round "6"]
[White "Lundstrom, Mattias"]
[Black "Johansson, Gunnar"]
[Result "1-0"]
[WhiteElo "2042"]
[BlackElo "1767"]
[PlyCount "55"]
[EventDate "2007.10.20"]
[EventType "team"]
[EventRounds "9"]
[EventCountry "SWE"]
[SourceTitle "EXT 2009"]
[Source "ChessBase"]
[SourceDate "2008.11.26"]
[SourceVersion "1"]
[SourceVersionDate "2008.11.26"]
[SourceQuality "1"]
[WhiteTeam "Manhem II"]
[BlackTeam "Lundby"]
[WhiteTeamCountry "SWE"]
[BlackTeamCountry "SWE"]

1. e4 d6 2. d4 Nf6 3. Nc3 g6 4. Bg5 c6 5. Nf3 b5 6. Bd3 Nbd7 7. Qd2 h6 8. Be3 Ng4 9. Bf4 e5 10. Bg3 exd4 11. Nxd4 Bb7 12. 0-0 Nge5 13. Be2 Bg7 14. f4 Nc4 15. Bxc4 bxc4 16. f5 Qb6 17. Bf2 0-0 18. Ne6 Qxb2 19. Nxg7 Kxg7 20. Rab1 Qa3 21. Rxb7 Ne5 22. fxg6 Kxg6 23. Nb1 Qa6 24. Qxd6+ f6 25. Re7 Qa5 26. Bd4 Rad8 27. Qe6 Rxd4 28. Qf5# 1-0